Normal view
MARC view
Entry Personal Name
001 - CONTROL NUMBER
- control field: 860
003 - CONTROL NUMBER IDENTIFIER
- control field: BD-RjUL
005 - DATE AND TIME OF LATEST TRANSACTION
- control field: 20220123100232.0
008 - FIXED-LENGTH DATA ELEMENTS
- fixed length control field: 220123|| aca||aabn | a|a d
040 ## - CATALOGING SOURCE
- Original cataloging agency: BD-RjUL
- Transcribing agency: BD-RjUL
100 ## - HEADING--PERSONAL NAME
- Personal name: ابن قيم الجوزية، محمد بن أبي بكر بن أيوب ;; Ibn Qayyim al-Jawziyyah, Muhammad ibn Abi Bakr ibn Ayyub,
- Dates associated with a name: (691-751 هـ.)
670 ## - SOURCE DATA FOUND
- Source citation: Work cat.: (BD-RjUL)79240: ابن قيم الجوزية، محمد بن أبي بكر بن أيوب ;; Ibn Qayyim al-Jawziyyah, Muhammad ibn Abi Bakr ibn Ayyub, (691-751 هـ.), تفسير المعوذتين : تفسير مثالي لأفضل ما تعوذ به المتعوذون سورة الفلق وسورة الناس ;; tafsir al-muawwidhatain : tafsir mithaliun li'afdal ma taeudh bih almutaeiwidhun surat alfalaq wasurat alnaas /